Business ethics and social responsibility / (Record no. 17828)
[ view plain ]
| 000 -LEADER | |
|---|---|
| fixed length control field | 00590nam a22002297a 4500 |
| 003 - CONTROL NUMBER IDENTIFIER | |
| control field | OSt |
| 005 - DATE AND TIME OF LATEST TRANSACTION | |
| control field | 20140310182947.0 |
| 008 - FIXED-LENGTH DATA ELEMENTS--GENERAL INFORMATION | |
| fixed length control field | 130205t xxu||||| |||| 00| 0 eng d |
| 020 ## - INTERNATIONAL STANDARD BOOK NUMBER | |
| International Standard Book Number | 9789712348662 |
| 050 ## - LIBRARY OF CONGRESS CALL NUMBER | |
| Classification number | HF 5387 |
| Item number | .R628 2007 |
| 100 ## - MAIN ENTRY--PERSONAL NAME | |
| Personal name | Roa, Fr. Floriano C. |
| 245 ## - TITLE STATEMENT | |
| Title | Business ethics and social responsibility / |
| Statement of responsibility, etc | Fr. Floriano C. Roa |
| 260 ## - PUBLICATION, DISTRIBUTION, ETC. (IMPRINT) | |
| Place of publication, distribution, etc | Manila : |
| Name of publisher, distributor, etc | Rex Book Store, |
| Date of publication, distribution, etc | 2007. |
| 300 ## - PHYSICAL DESCRIPTION | |
| Extent | 242 p. : |
| Dimensions | 23 cm. |
| 521 ## - TARGET AUDIENCE NOTE | |
| Target audience note | |
| 650 ## - SUBJECT ADDED ENTRY--TOPICAL TERM | |
| Topical term or geographic name as entry element | Business ethics. |
| 942 ## - ADDED ENTRY ELEMENTS (KOHA) | |
| Source of classification or shelving scheme | Library of Congress Classification |
| Koha item type | Books |
| Call number prefix | Local |
| Withdrawn status | Lost status | Source of classification or shelving scheme | Damaged status | Home library | Current library | Shelving location | Date acquired | Source of acquisition | Total Checkouts | Total Renewals | Full call number | Barcode | Date last seen | Date checked out | Copy number | Price effective from | Koha item type |
|---|---|---|---|---|---|---|---|---|---|---|---|---|---|---|---|---|---|
| Library of Congress Classification | Archives | Archives | 12/04/2013 | Donation | HF 5387 .R628 2007 | C9905 | 05/08/2018 | 2 | 12/04/2013 | Books | |||||||
| Library of Congress Classification | College Library | College Library | Filipiniana Section | 12/04/2013 | Donation | 2 | 1 | HF 5387 .R628 2007 | C8626 | 05/08/2018 | 05/04/2016 | 1 | 12/04/2013 | Books | |||
| Library of Congress Classification | College Library | College Library | General Circulation Section | 12/04/2013 | Donation | HF 5429.6 .C854 2006 | C9906 | 05/15/2018 | 3 | 12/04/2013 | Books | ||||||
| Library of Congress Classification | College Library | College Library | Filipiniana Section | 12/04/2013 | Donation | 1 | 16 | HF 5387 .R628 2007 | C8625 | 05/08/2018 | 06/18/2014 | 4 | 12/04/2013 | Books |